000 00427nam a22001817a 4500
003 MPLRDC
005 20220104172014.0
008 210129b ||||| |||| 00| 0 eng d
020 _a0-07-054981-8
082 _a550.7 SAM-4
100 _aPAUL A. SAMUELSON, WILLIAM D. NORDHAUS
245 _aECONOMICS
_c
250 _a初版
260 _a
_bMCGRAW-HILL
_c1995
300 _b
650 _a
942 _cBK
_o550.7 SAM-4
999 _c58722
_d58712